Anagrammes aléatoires d'Îles - Statistiques

Statistiques générales
  • Ce quiz a été pris 102 fois
  • Le résultat moyen est 7 sur 20
Statistiques - réponses
Réponse % Correct
Bali
100%
Crète
100%
Elbe
100%
Ibiza
100%
Java
100%
Krk
100%
Man
100%
Cuba
80%
Jamaïque
80%
Bornéo
67%
Célèbes
67%
Corse
67%
Hainan
67%
Hawaï
67%
Irlande
67%
Tahiti
63%
Antigua
60%
Chypre
60%
Cres
60%
Taïwan
57%
Tobago
57%
Baffin
50%
Corfou
50%
Honshū
50%
Madagascar
50%
Majorque
50%
Malte
50%
Nauru
50%
Porto Rico
50%
Rhodes
50%
Sicile
50%
Djerba
40%
Grenade
40%
Jeju
40%
Maurice
40%
Santorin
40%
Vancouver
40%
Banks
33%
Curaçao
33%
Dominique
33%
Luçon
33%
Seeland
33%
Sri Lanka
33%
Cebu
29%
São Tomé
29%
Eubée
25%
Lesbos
25%
Melville
25%
Minorque
25%
Terre-Neuve
25%
Trinité
25%
Wight
25%
Sumatra
22%
Devon
20%
Guadalcanal
20%
Hokkaido
20%
Madère
20%
Nouvelle-Guinée
20%
Saint-Vincent
20%
Victoria
20%
Singapour
17%
Barbade
0%
Barbuda
0%
Bora-Bora
0%
Bougainville
0%
Capri
0%
Céphalonie
0%
Céram
0%
Chiloé
0%
Christmas
0%
Ellesmere
0%
Espiritu Santo
0%
Formentera
0%
Gotland
0%
Grande-Bretagne
0%
Grande Terre
0%
Groenland
0%
Hispaniola
0%
Ioujny
0%
Isabela
0%
Ischia
0%
Islande
0%
Ithaque
0%
Kyūshū
0%
Lampedusa
0%
Lanzarotte
0%
Las Palmas
0%
Lemnos
0%
Lipari
0%
Marmara
0%
Mindanao
0%
Myconos
0%
Naxos
0%
Nouvelle-Bretagne
0%
Prince-de-Galles
0%
Prince Édouard
0%
Principe
0%
Saint-Christophe
0%
Sainte-Lucie
0%
Sakhaline
0%
Santiago
0%
Sardaigne
0%
Severny
0%
Shikoku
0%
Socotra
0%
Spitzberg
0%
Stromboli
0%
Tasmanie
0%
Teneriffe
0%
Timor
0%
Aucun quiz correspondant
Distribution des résultats
% des personnes avec chaque résultat
Percentile par nombre de réponses
Votre historique - résultats
Vous n’avez pas pris ce quiz